Biển Đông T.2 Khí tượng thuỷ văn động lực biển

Nghiên cứu các vấn đề cơ bản về khí tượng biển, thuỷ văn biển, động lực biển và các vấn đề khí tượng, thuỷ văn, động lực biển dải ven bờ Biển Đông

সংরক্ষণ করুন:
গ্রন্থ-পঞ্জীর বিবরন
অন্যান্য লেখক: Phạm Văn Ninh (ch.b.), Nguyễn Hoài, Nguyễn Tiến Đạt, Đặng Trần Duy, Lã Văn Bài
বিন্যাস: গ্রন্থ
ভাষা:Vietnamese
প্রকাশিত: H. Khoa học Tự nhiên và Công nghệ 2009
বিষয়গুলি:
ট্যাগগুলো: ট্যাগ যুক্ত করুন
কোনো ট্যাগ নেই, প্রথমজন হিসাবে ট্যাগ করুন!
Thư viện lưu trữ: Mạng thư viện Đại học Đà Nẵng
LEADER 01881aam a22004338a 4500
001 000016665
003 13068
005 20121129151109.0
008 121129s2009 viesd
020 |c 140000đ  |d 200b 
041 0 |a vie 
082 1 4 |2 14  |a 551.465  |b Biê 
245 0 0 |a Biển Đông  |c Phạm Văn Ninh (ch.b.), Lã Văn Bài, Đặng Trần Duy...  |n T.2  |p Khí tượng thuỷ văn động lực biển 
260 |a H.  |b Khoa học Tự nhiên và Công nghệ  |c 2009 
300 |a 644 tr.  |b bản đồ, bảng  |c 24 cm. 
500 |a ĐTTS ghi: Viện Khoa học và Công nghệ Việt Nam 
504 |a Thư mục: tr. 593-644 
520 |a Nghiên cứu các vấn đề cơ bản về khí tượng biển, thuỷ văn biển, động lực biển và các vấn đề khí tượng, thuỷ văn, động lực biển dải ven bờ Biển Đông 
650 |2 Bộ TK TVQG  |a Khí tượng thuỷ văn 
651 |2 Bộ TK TVQG  |a Việt Nam 
651 |2 Bộ TK TVQG  |a Biển Đông 
653 |a Động lực biển 
700 1 |a Phạm Văn Ninh  |e ch.b. 
700 1 |a Nguyễn Hoài 
700 1 |a Nguyễn Tiến Đạt 
700 1 |a Đặng Trần Duy 
700 1 |a Lã Văn Bài 
773 |d H.  |d 2009  |d Nxb. Hà Nội  |n ĐTTS ghi: Viện Khoa học và Công nghệ Việt Nam  |t Biển Đông  |w 436230 
773 |d Khoa học Tự nhiên và Công nghệ  |d H.  |d 2009  |t Biển đông  |w 13066 
OWN |a LSP 
AVA |a UDN50  |b LSP  |d 551.465 Biê  |e available  |t Error 5001 Not defined in file expand_doc_bib_avail.  |f 2  |g 0  |h N  |i 0  |k 1 
999 |a From the UDN01 
AVA |a UDN50  |b LSP  |d 551.465 Biê  |e available  |t Error 5001 Not defined in file expand_doc_bib_avail.  |f 2  |g 0  |h N  |i 0  |k 1 
TYP |a Monograph 
TYP |a Printed language 
980 |a Mạng thư viện Đại học Đà Nẵng